000
00142nam a22000857a 4500
082
_a
823
100
_a
LADYBIRD
245
_a
HERCULES
942
_c
BK
999
_c
8290
_d
8290